[Event "Internationaux de France RAPIDE"]
[Site "Saint-Maur des Fosses, France"]
[Date "2024.06.15"]
[Round "3.4"]
[White "Shirazi, Kamran"]
[Black "Lagarde, Maxime"]
[Result "0-1"]
[WhiteElo "2268"]
[BlackElo "2604"]
[PlyCount "166"]
[EventDate "2024.??.??"]

1. e3 {6} f5 {15} 2. g4 {6} fxg4 {28} 3. h3 {1} g3 {1} 4. fxg3 {3} Nf6 {34} 5.
d4 {42} g6 {17} 6. Bg2 {17} Bg7 {18} 7. Ne2 {7} O-O {10} 8. O-O {8} Nc6 {21} 9.
Nbc3 {49} e5 {127} 10. d5 {5} Ne7 {32} 11. d6 {10} Nf5 {51} 12. dxc7 {37} Qxc7
{2} 13. Nd5 {25} Qd8 {24} 14. e4 {13} Ne7 {79} 15. Nxf6+ {25} Bxf6 {18} 16. Bh6
{24} Bg7 {134} 17. Rxf8+ {12} Qxf8 {13} 18. Bxg7 {5} Kxg7 {7} 19. Nc3 {17} Nc6
{36} 20. Qd5 {7} Qe7 {65} 21. Nb5 {37} b6 {11} 22. c3 {12} Bb7 {136} 23. Nd6 {5
} Ba6 {6} 24. b4 {10} Rf8 {23} 25. b5 {16} Qg5 {14} 26. Qd3 {13} Nd8 {18} 27.
bxa6 {5} Ne6 {1} 28. Kh2 {33} Nc5 {4} 29. Qe2 h5 {9} 30. h4 {5} Qe7 {4} 31. Rd1
{7} Rf6 {14} 32. Qd2 {17} Qf8 {7} 33. Qg5 {7} Rxd6 {9} 34. Qxe5+ {5} Rf6 {1}
35. Rf1 {22} d6 {5} 36. Qd4 {1} Qe7 {9} 37. Rxf6 {23} Qxf6 {2} 38. Bf1 Qxd4 {15
} 39. cxd4 {2} Nxe4 {1} 40. Kg2 {18} Nc3 {4} 41. Bc4 {27} d5 {2} 42. Bb3 Nb5 {6
} 43. Bxd5 {2} Nxd4 {1} 44. Kf2 {1} Kf6 {2} 45. Ke3 {3} Ke5 {3} 46. Bf7 {1}
Nf5+ {1} 47. Kf3 Kf6 {3} 48. Be8 {22} Nd6 {1} 49. Bc6 {1} Ke5 {2} 50. g4 {18}
hxg4+ {7} 51. Kxg4 {2} Kf6 {3} 52. Kf4 {7} Nf5 {6} 53. Kg4 {7} Ne3+ {7} 54. Kg3
{22} Nf5+ {5} 55. Kh3 {1} Ke5 {4} 56. Be8 {2} Kf6 {2} 57. Bb5 {1} Nd4 {3} 58.
Bd3 {1} Nc6 {1} 59. a3 {13} Ne5 {3} 60. Bb5 {12} g5 {5} 61. h5 {11} Kg7 {2} 62.
Be2 {5} Kh6 {1} 63. Kg3 Nd7 {5} 64. Kg4 {23} Nf6+ 65. Kf5 Nxh5 {2} 66. Ke5 {3}
Nf4 {4} 67. Bg4 {2} Nd3+ {3} 68. Kd6 {1} Nc5 {1} 69. Be2 g4 {8} 70. Kc7 {6} g3
{2} 71. Bf1 {1} Nxa6+ {5} 72. Kb7 {2} Nc5+ {5} 73. Kxa7 {2} Nd7 {4} 74. Kb7 {3}
Kg5 {4} 75. Kc6 {1} Ne5+ {2} 76. Kxb6 {2} Nc4+ {2} 77. Kc5 {6} Ne3 {5} 78. Bb5
{68} g2 {1} 79. a4 g1=Q {3} 80. a5 Nf5+ {2} 81. Kc6 Nd4+ {1} 82. Kc5 {1} Nxb5+
{1} 83. Kxb5 Qa7 {2} 0-1

[Event "Internationaux de France RAPIDE"]
[Site "Saint-Maur des Fosses, France"]
[Date "2024.06.15"]
[Round "3.5"]
[White "Velten, Paul"]
[Black "Mullon, Jean-Baptiste"]
[Result "1-0"]
[WhiteElo "2504"]
[BlackElo "2293"]
[PlyCount "65"]
[EventDate "2024.??.??"]

1. d4 {3} d5 {3} 2. c4 {3} c6 {2} 3. Nf3 {3} Nf6 {2} 4. Nc3 {5} dxc4 {7} 5. a4
{14} Bf5 {4} 6. e3 {5} e6 {8} 7. Bxc4 {3} Bb4 {21} 8. O-O {6} Nbd7 {6} 9. Nh4 {
8} Bg4 {10} 10. f3 {5} Bh5 {3} 11. g4 {18} Nd5 {5} 12. Ng2 {23} Bg6 {2} 13. Na2
{39} Be7 {34} 14. e4 {5} N5b6 {30} 15. Bb3 {3} c5 {83} 16. a5 {11} Nc8 {57} 17.
d5 {13} e5 {32} 18. Nc3 {9} Nd6 {12} 19. Bc2 {59} h5 {76} 20. f4 {10} hxg4 {14}
21. Ba4 {16} O-O {178} 22. Bxd7 {11} Qxd7 {1} 23. f5 {17} Bh5 {153} 24. h3 {3}
f6 {7} 25. hxg4 {3} Bf7 {1} 26. Rf3 {38} Rfc8 {2} 27. Rh3 {2} Nb5 {66} 28. Qe1
{45} Nd4 {7} 29. Qh4 {12} Kf8 {1} 30. Qh8+ {13} Bg8 {1} 31. Rh7 {3} Bd8 {8} 32.
Bh6 {2} Rc7 {35} 33. Nh4 {11} 1-0

[Event "Internationaux de France RAPIDE"]
[Site "Saint-Maur des Fosses, France"]
[Date "2024.06.15"]
[Round "3.6"]
[White "Charmeteau, Sven"]
[Black "Bellahcene, Bilel"]
[Result "0-1"]
[WhiteElo "2259"]
[BlackElo "2544"]
[PlyCount "169"]
[EventDate "2024.??.??"]

1. e4 c5 {2} 2. Nf3 {1} Nc6 3. d4 {2} cxd4 4. Nxd4 {2} Nf6 {8} 5. Nc3 {1} e6 6.
Nxc6 {16} bxc6 {1} 7. e5 {2} Nd5 8. Ne4 {1} Qc7 9. f4 {3} Qb6 10. c4 {8} Ne3 {1
} 11. Qd3 {49} Nf5 {1} 12. g4 {56} Nd4 {1} 13. Bg2 {104} h5 {2} 14. gxh5 {68}
Nf5 {71} 15. Ng3 {44} Bb4+ {127} 16. Kf1 {62} Nh6 {1} 17. Bf3 {21} a5 {74} 18.
Be3 {24} Qc7 {36} 19. Kg2 {88} Ba6 {1} 20. Rhd1 {31} Rd8 21. a3 {14} Be7 {9}
22. b4 {7} d5 {46} 23. exd6 {4} Rxd6 {5} 24. Qb3 {23} O-O {12} 25. c5 {178} Rd5
{123} 26. Bxd5 {17} exd5 27. Bd4 {49} Qxf4 {55} 28. Qe3 {1} Qh4 {1} 29. Qf3 {72
} Bc8 {12} 30. Qc3 {37} Ng4 {28} 31. Rh1 {4} Nf6 {16} 32. Rae1 {4} Bd8 {5} 33.
Re2 {3} axb4 {57} 34. axb4 Bh3+ {49} 35. Kf2 {1} Nxh5 {66} 36. Rhe1 {2} Nf4 {42
} 37. Re8 {3} Ne6 {2} 38. Rxf8+ {2} Kxf8 39. Be5 {3} Bg5 40. b5 {11} d4 {41}
41. Qc4 {4} Be3+ {5} 42. Ke2 {3} Bg4+ {76} 43. Kd3 Qxh2 {1} 44. Rxe3 {4} dxe3
45. Kxe3 {5} Qh6+ {16} 46. Kd3 {4} Qg5 {7} 47. Bd6+ {2} Kg8 {7} 48. bxc6 {2}
Nd8 {20} 49. c7 {2} Nc6 50. Ne4 {6} Qf5 {5} 51. Kc3 {3} Qf3+ {7} 52. Qd3 {1}
Qf5 {8} 53. Bg3 {2} Qe6 {3} 54. Nd6 {2} Qa2 {3} 55. c8=Q+ {4} Bxc8 56. Nxc8
Qa3+ {2} 57. Kd2 {2} Qxc5 {3} 58. Nd6 {5} Qg5+ {2} 59. Kd1 {6} Qg4+ {1} 60. Ke1
{2} Qe6+ {1} 61. Kf2 {2} Ne7 {1} 62. Kg1 {6} Nd5 63. Qb3 {2} g6 {6} 64. Qf3 {2}
Nf6 {3} 65. Kg2 {4} Nh5 {1} 66. Bh2 {3} Qa2+ {2} 67. Kh3 {2} Qe6+ {2} 68. Qg4 {
3} Qe3+ {2} 69. Kg2 {1} Qd2+ {2} 70. Kh1 {3} Qe1+ {3} 71. Qg1 {3} Qe6 {2} 72.
Qd1 {4} Qh3 {3} 73. Ne4 {4} Qf5 {4} 74. Qe2 {3} Qd5 {5} 75. Kg1 {2} Qd4+ 76.
Kg2 {2} Qd5 77. Qf3 {3} Qa2+ {3} 78. Kh3 {1} Qe6+ {3} 79. Kg2 {3} Qa2+ {1} 80.
Kf1 {5} Qxh2 {4} 81. Ng5 {4} Qc7 {7} 82. Qd5 {4} Qc1+ {3} 83. Kf2 {1} Qf4+ {1}
84. Ke1 {3} Ng3 {10} 85. Kd1 {6} 0-1

[Event "Internationaux de France RAPIDE"]
[Site "Saint-Maur des Fosses, France"]
[Date "2024.06.15"]
[Round "3.7"]
[White "Yuffa, Daniil"]
[Black "Terekhov, Andrey"]
[Result "1-0"]
[WhiteElo "2609"]
[BlackElo "2268"]
[PlyCount "59"]
[EventDate "2024.??.??"]

1. d4 {4} d5 {1} 2. c4 {2} e6 {1} 3. Nf3 {8} a6 {3} 4. g3 {6} dxc4 {1} 5. Bg2 {
3} Nc6 {7} 6. O-O {13} Rb8 {2} 7. b3 {38} cxb3 {8} 8. Qxb3 {2} Nf6 {73} 9. Rd1
{41} Be7 {126} 10. Nc3 {7} O-O {11} 11. e4 {83} b5 {48} 12. d5 {16} exd5 {22}
13. e5 {1} Be6 {154} 14. exf6 {50} Bxf6 {1} 15. Qc2 {117} Nb4 {201} 16. Qd2 {1}
c5 {34} 17. Ba3 {40} Qa5 {89} 18. Bb2 {2} Rbd8 {34} 19. Ng5 {76} Bg4 {56} 20.
Nxd5 {80} Bxd1 {79} 21. Nxf6+ {201} gxf6 22. Qc3 {31} Qb6 {2} 23. Ne4 {16} Nd5
{8} 24. Qc1 {36} f5 {8} 25. Nf6+ {13} Nxf6 {1} 26. Qg5+ {1} Kh8 {2} 27. Bxf6+ {
1} Qxf6 28. Qxf6+ {2} Kg8 29. Qxf5 {8} Bh5 {14} 30. Qxh5 {3} 1-0

[Event "Internationaux de France RAPIDE"]
[Site "Saint-Maur des Fosses, France"]
[Date "2024.06.15"]
[Round "3.8"]
[White "Dalaud, Dorian"]
[Black "Dourerassou, Jonathan"]
[Result "0-1"]
[WhiteElo "2326"]
[BlackElo "2422"]
[PlyCount "80"]
[EventDate "2024.??.??"]

1. e4 {2} c5 2. Nc3 {8} Nc6 {3} 3. Bb5 {2} Nd4 {5} 4. Nf3 {3} Nxb5 {4} 5. Nxb5
{2} a6 {15} 6. Nc3 {2} d6 {6} 7. d4 {3} cxd4 {3} 8. Qxd4 {2} Nf6 {5} 9. Bg5 {59
} e5 {58} 10. Qd2 {18} Be6 {6} 11. O-O-O {62} Qa5 {45} 12. a3 {3} Rc8 {25} 13.
Rhe1 {51} Nd7 {52} 14. Nd5 {215} Qa4 {76} 15. Re3 {205} f6 {80} 16. Rc3 {33}
Rxc3 {92} 17. Nxc3 {49} Qc4 {22} 18. Be3 {13} Be7 {2} 19. Nd5 {42} Bd8 {56} 20.
Nc3 {50} Ba5 {19} 21. Qxd6 {65} Bxc3 {6} 22. bxc3 {7} Kf7 {1} 23. Qb4 {24} Rc8
{2} 24. Qxc4 {15} Rxc4 {2} 25. Nd2 {9} Rxc3 {2} 26. Kb2 {1} Rc6 {9} 27. Nb3 {17
} b6 {6} 28. Rd3 {7} Ke7 {10} 29. a4 {8} Rc4 {19} 30. a5 {10} bxa5 {1} 31. Nxa5
{5} Rb4+ {15} 32. Kc1 {4} Rxe4 {2} 33. Nc6+ {1} Ke8 {2} 34. Ra3 {6} Rc4 {11}
35. Rxa6 {3} Bf5 {9} 36. Ra8+ {2} Kf7 {2} 37. Nd8+ {4} Ke7 {3} 38. Kd1 {3}
Bxc2+ {3} 39. Kd2 {1} Be4 {2} 40. g3 {4} Bxa8 {2} 0-1

[Event "Internationaux de France RAPIDE"]
[Site "Saint-Maur des Fosses, France"]
[Date "2024.06.15"]
[Round "4.1"]
[White "David, Alberto"]
[Black "Droin, Augustin"]
[Result "0-1"]
[WhiteElo "2502"]
[BlackElo "2480"]
[PlyCount "142"]
[EventDate "2024.??.??"]

1. Nf3 {1} Nf6 {8} 2. g3 b5 {1} 3. Bg2 {4} Bb7 {2} 4. O-O {4} e6 {2} 5. d3 {30}
Be7 {2} 6. c4 {5} bxc4 {77} 7. dxc4 {1} Na6 {12} 8. Nc3 {44} O-O {3} 9. b3 {10}
Nc5 {7} 10. Bb2 {24} a5 {4} 11. Qc2 {2} Nfe4 {111} 12. Rad1 {41} Bf6 {24} 13.
Nb5 {94} Bxb2 {92} 14. Qxb2 {2} d6 {31} 15. a3 {1} Rb8 {47} 16. b4 {16} axb4 {2
} 17. axb4 {1} Na6 18. Nfd4 {130} Qe7 {126} 19. Na7 {59} Qd7 {88} 20. b5 {143}
Nac5 21. Qc2 Ra8 {40} 22. Ra1 {21} e5 {18} 23. Ndc6 {31} f5 {7} 24. e3 {34} h5
{35} 25. f3 {65} Ng5 {46} 26. f4 {1} exf4 {6} 27. Bd5+ {26} Kh8 {16} 28. exf4 {
18} Nge4 {4} 29. Nb4 {33} Bxd5 {32} 30. Nxd5 {2} Nf6 {14} 31. Nxf6 {26} Rxf6 {2
} 32. Nc6 {7} Rxa1 {54} 33. Rxa1 {1} Qe8 34. Nd4 {10} Qe3+ {17} 35. Qf2 {2} Qc3
{8} 36. Ra8+ {28} Kh7 {1} 37. Nf3 Qxc4 {50} 38. Ng5+ Kg6 39. b6 {51} cxb6 {8}
40. Ra7 {1} Ne4 {12} 41. Nxe4 {13} Qxe4 {2} 42. Qxb6 {18} Qe1+ 43. Kg2 {2} Re6
{5} 44. Ra2 {4} Re2+ {6} 45. Rxe2 {1} Qxe2+ {2} 46. Kg1 {1} Qe1+ 47. Kg2 Qe2+
48. Kg1 Qd1+ 49. Kg2 {2} Qd2+ {1} 50. Kh3 {7} Qd1 {8} 51. Kg2 {2} Kh7 {13} 52.
Qd8 {11} Qe2+ {4} 53. Kg1 {4} Qd1+ {6} 54. Kg2 d5 {1} 55. Qe8 {6} d4 {5} 56.
Qf7 {1} Qe2+ {3} 57. Kg1 Qe1+ {3} 58. Kg2 Qe2+ {7} 59. Kg1 {1} Qg4 60. Qd7 {2}
Qd1+ {7} 61. Kg2 Qe2+ {1} 62. Kh3 {10} Qg4+ {8} 63. Kg2 Qe2+ 64. Kh3 Qe4 {4}
65. Qf7 d3 {5} 66. Qxh5+ Kg8 67. Qg5 {1} Kf7 {3} 68. Qd8 {1} Qe2 {3} 69. Qd7+ {
1} Kg6 {1} 70. Qd5 {16} d2 {9} 71. Qc6+ {7} Kh7 {1} 0-1

[Event "Internationaux de France RAPIDE"]
[Site "Saint-Maur des Fosses, France"]
[Date "2024.06.15"]
[Round "4.2"]
[White "Moussard, Jules"]
[Black "Shchekachev, Andrei"]
[Result "1/2-1/2"]
[WhiteElo "2610"]
[BlackElo "2492"]
[PlyCount "95"]
[EventDate "2024.??.??"]

1. e4 {2} c5 {8} 2. Nf3 {13} e6 {3} 3. d4 {3} cxd4 {2} 4. Nxd4 {2} a6 {1} 5.
Bd3 {2} Nf6 {5} 6. O-O {7} Qc7 {2} 7. Qe2 {5} d6 {4} 8. f4 {16} Nbd7 {8} 9. c4
{14} Be7 {3} 10. Nc3 {19} O-O {8} 11. Kh1 {70} b6 {18} 12. Bd2 {2} Re8 {3} 13.
Rae1 {8} Bb7 {3} 14. Qf3 {162} g6 {73} 15. Qh3 {26} e5 {59} 16. Nf3 {46} exf4 {
50} 17. Bxf4 {3} Bf8 {35} 18. Nd5 {25} Bxd5 {20} 19. exd5 {5} Bg7 {34} 20. b3 {
44} Nh5 {109} 21. Bd2 {12} Nhf6 {63} 22. Ng5 {90} h6 {94} 23. Nf3 {4} h5 {6}
24. Qg3 {22} Ng4 {10} 25. h3 {31} Nge5 {3} 26. Ng5 {11} Re7 {17} 27. Bb1 {23}
Rae8 {4} 28. Ne4 {10} f5 {32} 29. Ng5 {4} Nf8 {2} 30. Qf2 {28} b5 {9} 31. cxb5
{10} axb5 {1} 32. Bb4 {12} Qd8 {58} 33. Qg3 {40} Qd7 {52} 34. Rc1 {58} Bh6 {17}
35. Rcd1 {27} Bg7 {3} 36. Bc2 {55} Ra8 {20} 37. a3 {8} Rc8 {2} 38. Rf2 {5} Rce8
{9} 39. Bb1 {7} Ra8 {7} 40. Rc1 {5} Rae8 {9} 41. Rcf1 {22} Rc8 {15} 42. Rd1 {51
} Rce8 {3} 43. Rff1 {4} Qd8 {6} 44. Rc1 {8} Bh6 {7} 45. Rcd1 {2} Bg7 {3} 46.
Rf2 {5} Qb6 {9} 47. Rff1 {2} Qd8 {11} 48. Rf2 {3} 1/2-1/2

[Event "Internationaux de France RAPIDE"]
[Site "Saint-Maur des Fosses, France"]
[Date "2024.06.15"]
[Round "4.3"]
[White "Materia, Marco"]
[Black "Dardha, Daniel"]
[Result "1/2-1/2"]
[WhiteElo "2453"]
[BlackElo "2649"]
[PlyCount "162"]
[EventDate "2024.??.??"]

1. Nf3 d5 {3} 2. e3 {1} Nf6 {3} 3. c4 {1} e6 4. b3 {2} Bd6 {3} 5. Bb2 {2} O-O {
3} 6. Be2 {5} c5 {25} 7. O-O {15} Nc6 {3} 8. cxd5 {6} exd5 {38} 9. d4 {9} Bg4 {
32} 10. dxc5 {49} Bxc5 {4} 11. Nbd2 {29} Qe7 {10} 12. Rc1 {17} Bb6 {2} 13. h3 {
21} Bh5 {10} 14. Nh4 {49} Bg6 {41} 15. Nxg6 {7} hxg6 {8} 16. Nf3 {6} Rad8 {54}
17. Bb5 {43} Qd6 {25} 18. Bxc6 {42} bxc6 {2} 19. Qc2 {4} c5 {58} 20. Bxf6 {3}
gxf6 {10} 21. Rfd1 {4} Qe6 {18} 22. Rd3 {13} Kg7 {4} 23. Rcd1 {5} Rh8 {16} 24.
Qe2 {109} Rh5 {9} 25. Nh2 {59} Bc7 {56} 26. Nf1 {50} Rg5 {43} 27. Qf3 {42} Rf5
{72} 28. Qg4 {1} Rh8 {23} 29. Ng3 {45} Bxg3 {115} 30. fxg3 {1} Re8 {42} 31. Kh2
{26} Qc6 {14} 32. R1d2 {86} Rfe5 {106} 33. Qf3 {5} Rf5 {10} 34. Qd1 {9} c4 {21}
35. bxc4 {20} dxc4 {5} 36. Rc3 Re6 {29} 37. Qc2 {21} Re4 {21} 38. Rd4 {6} Rxd4
{34} 39. exd4 {1} Qe6 {11} 40. d5 {65} Qxd5 {22} 41. Rxc4 {1} Rf1 {11} 42. Rf4
{4} Rxf4 {40} 43. gxf4 {1} a5 {2} 44. a4 {38} Qd4 {1} 45. g3 Qe3 {1} 46. Kg2 {3
} Kg8 {2} 47. Qc4 {16} Qd2+ {1} 48. Kf3 f5 {2} 49. Qb5 {15} Qc3+ {7} 50. Kf2 {2
} Qd2+ {2} 51. Kf3 {1} Kh7 {1} 52. h4 {14} Qc3+ {2} 53. Kg2 {2} Qc2+ {1} 54.
Kf3 {22} Qd2 {5} 55. Qe8 {5} Qd3+ {3} 56. Kf2 {2} Qd4+ {3} 57. Kf1 {6} Qc4+ {2}
58. Kf2 {1} Qc5+ {5} 59. Kg2 {4} Qd5+ {2} 60. Kf2 {3} Qb3 61. Qb5 {3} Qc2+ {8}
62. Kf3 {1} Qc3+ 63. Kg2 {3} Qd2+ {1} 64. Kf3 {1} Kh6 65. Qe8 {7} Qd3+ {1} 66.
Kf2 {1} Qd4+ {3} 67. Kf1 {12} Qc4+ {8} 68. Kf2 {1} Qc2+ {3} 69. Kf3 {3} Qd1+ {4
} 70. Kg2 {2} Kh5 {4} 71. Qxf7 {6} Qe2+ {2} 72. Kh3 {5} Qf1+ {5} 73. Kh2 Qf2+ {
3} 74. Kh3 Qf1+ {3} 75. Kh2 Qe2+ 76. Kh3 {2} Qf1+ {4} 77. Kh2 Qf2+ {2} 78. Kh3
Qf1+ {2} 79. Kh2 Qe2+ {1} 80. Kh3 Qg4+ {2} 81. Kh2 {1} Qe2+ {9} 1/2-1/2

[Event "Internationaux de France RAPIDE"]
[Site "Saint-Maur des Fosses, France"]
[Date "2024.06.15"]
[Round "4.4"]
[White "Lagarde, Maxime"]
[Black "Bacrot, Alexandre"]
[Result "1-0"]
[WhiteElo "2604"]
[BlackElo "2408"]
[PlyCount "25"]
[EventDate "2024.??.??"]

1. c4 {2} d6 {4} 2. Nc3 {13} e5 3. g3 {2} f5 {39} 4. d4 {71} e4 {14} 5. f3 {25}
Nf6 {104} 6. fxe4 {42} fxe4 {10} 7. Bg2 {13} Bf5 {16} 8. Nh3 {21} g6 {351} 9.
Bg5 {41} h6 {24} 10. Bxf6 {6} Qxf6 {2} 11. O-O {70} Bg7 {6} 12. e3 {15} O-O {39
} 13. g4 {14} 1-0

[Event "Internationaux de France RAPIDE"]
[Site "Saint-Maur des Fosses, France"]
[Date "2024.06.15"]
[Round "4.5"]
[White "Vlachos, Anatole"]
[Black "Velten, Paul"]
[Result "1/2-1/2"]
[WhiteElo "2470"]
[BlackElo "2504"]
[PlyCount "104"]
[EventDate "2024.??.??"]

1. e4 c6 {3} 2. Nc3 {2} d5 {3} 3. Nf3 {1} Bg4 {8} 4. h3 {2} Bxf3 {3} 5. Qxf3 {1
} e6 {3} 6. Be2 {2} g6 {2} 7. O-O {57} Bg7 {2} 8. Rd1 {5} Ne7 {14} 9. d4 {3}
O-O {6} 10. Bg5 {41} Nd7 {23} 11. Qe3 {40} Re8 {9} 12. h4 {64} Qa5 {28} 13. b4
{14} Qd8 {58} 14. h5 {11} Nf6 {9} 15. hxg6 {40} hxg6 {7} 16. e5 {80} Nh7 {7}
17. g4 {104} Nxg5 {11} 18. Qxg5 {1} a5 {2} 19. b5 {17} cxb5 {11} 20. Nxb5 {20}
Nc6 {2} 21. Qe3 {17} Qe7 {10} 22. a4 {39} Red8 {6} 23. Kg2 {14} Na7 {23} 24.
Nxa7 {33} Rxa7 {2} 25. Rh1 {4} Rc8 {9} 26. Bd3 b6 {111} 27. Rh3 {19} f5 {119}
28. exf6 {5} Qxf6 {2} 29. Rf3 {2} Qe7 {2} 30. Bxg6 {10} Rf8 {5} 31. Rxf8+ {37}
Bxf8 {16} 32. g5 {51} Qd6 {56} 33. f4 {1} Rg7 {4} 34. Bh5 {8} Qc6 {25} 35. c3
Re7 {13} 36. Bg4 {11} Kf7 {12} 37. Re1 {8} Qd6 {74} 38. g6+ {20} Kxg6 {50} 39.
Bxe6 {1} Kf6 {43} 40. f5 {1} Rg7+ {2} 41. Kf1 {4} Rg3 {30} 42. Qe5+ {5} Kg5 {8}
43. f6+ {30} Qxe5 {1} 44. dxe5 {2} Bc5 {1} 45. Bxd5 {105} Rg1+ {2} 46. Ke2
Rxe1+ 47. Kxe1 Kf5 {1} 48. f7 {17} Kxe5 {2} 49. Bc4 Kf6 {3} 50. Ke2 {1} Kg7 {1}
51. Kd3 {2} Kf8 {1} 52. Ke4 Bg1 {8} 1/2-1/2

[Event "Internationaux de France RAPIDE"]
[Site "Saint-Maur des Fosses, France"]
[Date "2024.06.15"]
[Round "4.6"]
[White "Bellahcene, Bilel"]
[Black "Zienkiewicz, Alexandre"]
[Result "1/2-1/2"]
[WhiteElo "2544"]
[BlackElo "2362"]
[PlyCount "172"]
[EventDate "2024.??.??"]

1. e4 e5 {2} 2. Nf3 Nc6 {1} 3. Bb5 a6 {4} 4. Ba4 Nf6 {2} 5. O-O {2} Be7 {2} 6.
d3 {1} b5 {12} 7. Bb3 d6 {2} 8. a3 O-O {19} 9. Nc3 Na5 {20} 10. Ba2 {1} c5 {1}
11. b4 {2} Nc6 {45} 12. Nd5 {1} Be6 {77} 13. c3 {11} c4 {48} 14. dxc4 {83} Nxe4
{298} 15. cxb5 {5} axb5 {16} 16. Qd3 Bf5 {78} 17. Qxb5 {8} Rc8 {10} 18. Re1 {17
} Bg6 {39} 19. Be3 {19} Kh8 {18} 20. Rac1 {3} f5 {12} 21. Bb1 {14} Ng5 {72} 22.
Nxg5 {44} Bxg5 {1} 23. f4 {2} Bh6 {18} 24. g3 {19} Ne7 {22} 25. Nxe7 {7} Qxe7 {
2} 26. Qd3 {34} Ra8 {35} 27. c4 {2} exf4 {16} 28. Bxf4 {4} Qa7+ {1} 29. Re3 {27
} Bxf4 {2} 30. gxf4 Rfe8 {5} 31. Rce1 {1} Re4 {28} 32. Qe2 {81} Rxf4 {8} 33. h3
Re8 {52} 34. Kh2 {5} Rxe3 {10} 35. Qxe3 Qxe3 {2} 36. Rxe3 Rxc4 37. Bxf5 {5} Bf7
{10} 38. b5 {31} g6 {10} 39. Bd7 {16} Rc2+ {3} 40. Kg3 {1} Rb2 {12} 41. a4 {7}
Kg7 {3} 42. a5 {1} Ra2 {8} 43. a6 {59} Bc4 {1} 44. Kf4 {27} Kf6 {3} 45. Ke4 {3}
Ra5 {3} 46. b6 {236} Rxa6 {7} 47. Kd4 Bf7 {4} 48. b7 {25} Rb6 49. Bc6 Rb4+ {4}
50. Kc3 Rb6 {4} 51. Kd2 {21} Rb2+ {2} 52. Ke1 {11} Rb1+ {1} 53. Kf2 Rb2+ {1}
54. Re2 Rb6 {3} 55. Re3 {3} Rb2+ 56. Kg3 d5 {12} 57. Ra3 d4 {2} 58. Ra8 {2}
Rb3+ {2} 59. Kf2 {4} Rb2+ {2} 60. Ke1 d3 {7} 61. Rd8 {35} Ke7 {3} 62. Rxd3 {47}
Be6 {2} 63. h4 {26} h6 {1} 64. Bf3 {14} g5 {3} 65. h5 {14} g4 {2} 66. Be4 Rb4 {
2} 67. Kf2 {1} Rb2+ {10} 68. Kg3 Rb4 69. Rc3 {14} Kd6 {2} 70. Rc8 {5} Rxb7 {3}
71. Rh8 {13} Rb3+ {1} 72. Kf4 Rb4 {6} 73. Rxh6 {1} Ke7 74. Ke5 {60} Rb5+ {1}
75. Kd4 Rb4+ 76. Kd3 Rb3+ {3} 77. Kd2 g3 {5} 78. Rg6 {2} Bf7 {12} 79. Rg5 {2}
Kf6 {1} 80. Rf5+ Ke7 {6} 81. h6 {4} Bg6 {5} 82. Rf4 {24} Bxe4 {2} 83. Rxe4+ Kf6
{1} 84. Rg4 {1} Rb8 {2} 85. Ke3 {1} Rh8 {1} 86. Kf4 {3} Rxh6 {2} 1/2-1/2

[Event "Internationaux de France RAPIDE"]
[Site "Saint-Maur des Fosses, France"]
[Date "2024.06.15"]
[Round "4.7"]
[White "Gatineau, Yovann"]
[Black "Yuffa, Daniil"]
[Result "1-0"]
[WhiteElo "2362"]
[BlackElo "2609"]
[PlyCount "201"]
[EventDate "2024.??.??"]

1. d4 Nf6 {4} 2. c4 {1} e6 {2} 3. Nf3 {1} Bb4+ {3} 4. Nbd2 {1} O-O {3} 5. a3 {3
} Be7 {2} 6. e4 {2} d6 {3} 7. Be2 {2} Nfd7 {9} 8. b4 {15} e5 {10} 9. d5 {8} f5
{51} 10. exf5 {49} a5 {53} 11. Bb2 {14} axb4 {56} 12. axb4 {2} Rxa1 {2} 13.
Qxa1 {1} Na6 {7} 14. Bc3 {55} Nf6 {82} 15. Bd3 {39} Nh5 {2} 16. g3 {47} Bxf5 {
67} 17. Bxf5 {14} Rxf5 {1} 18. g4 {125} Rxf3 {7} 19. Nxf3 {1} Nf4 {4} 20. Qb1 {
15} g6 {106} 21. Bd2 {48} Qd7 {211} 22. h3 {34} g5 {58} 23. Bxf4 {105} gxf4 {2}
24. O-O {11} Qa4 {14} 25. Qf5 {121} Qxb4 {4} 26. Rb1 {116} Qc3 {22} 27. Ng5 {59
} Bxg5 {13} 28. Qxg5+ Kf7 {8} 29. Qh5+ {44} Kg7 {7} 30. g5 {6} Nc5 {48} 31. Kh2
{37} Qc2 {9} 32. Rg1 {6} Qg6 {48} 33. Qg4 Ne4 {25} 34. Rg2 {2} Nd2 {15} 35. h4
{6} Nf1+ {39} 36. Kh3 {10} Qd3+ {6} 37. f3 Ng3 {10} 38. Qd7+ {1} Kg6 39. Qe6+ {
5} Kg7 40. Qf6+ {5} Kg8 41. Qd8+ Kf7 {6} 42. Qxc7+ {1} Ke8 {3} 43. Qc8+ {1} Ke7
{3} 44. Qxb7+ {1} Kd8 {3} 45. Qb6+ {3} Kd7 {2} 46. Qc6+ Ke7 47. Qc7+ Ke8 48.
Qc8+ Kf7 {3} 49. Qd7+ {3} Kg8 {3} 50. Qe6+ {2} Kg7 {2} 51. Qf6+ {13} Kg8 {1}
52. Qd8+ {1} Kg7 {4} 53. Qd7+ {3} Kg8 {2} 54. Qe6+ {2} Kg7 55. Rxg3 {9} fxg3 {3
} 56. Kxg3 {2} Qxc4 {4} 57. Qf6+ {3} Kg8 {1} 58. Qd8+ {4} Kg7 {2} 59. Qd7+ Kg8
{2} 60. Qe6+ {1} Kg7 {2} 61. Qf6+ {4} Kg8 62. Qxd6 {10} Qf4+ {1} 63. Kg2 Qd2+ {
12} 64. Kh3 Qd3 {6} 65. Qe6+ {1} Kf8 {1} 66. Qf6+ {3} Kg8 67. d6 {7} e4 68.
Qe6+ {2} Kg7 {7} 69. Qe7+ {4} Kg8 {2} 70. Qxe4 Qxd6 71. Kg4 {1} Qd7+ {3} 72.
Qf5 {1} Qd4+ {3} 73. Qf4 {1} Qd7+ {3} 74. Kg3 Qd1 {3} 75. Qc4+ {1} Kg7 {2} 76.
Qc7+ Kg8 {1} 77. Qb8+ {2} Kg7 78. Qe5+ Kg8 {2} 79. Qe6+ {11} Kg7 {1} 80. Qf6+
Kg8 {1} 81. Qe6+ {9} Kg7 {1} 82. Qe5+ Kg8 83. Qe3 Qd6+ {9} 84. f4 Qd7 {10} 85.
h5 {3} Kf7 {11} 86. Qb3+ {3} Kg7 {3} 87. Qc3+ {2} Kf7 {2} 88. Qc4+ {2} Kg7 {3}
89. Qe4 {1} Qd1 {8} 90. h6+ {7} Kf8 {2} 91. Qf5+ {2} Kg8 {7} 92. Qe6+ {1} Kf8
93. Qf6+ {5} Ke8 {1} 94. Qh8+ Kf7 {3} 95. Qxh7+ {1} Ke8 {8} 96. Qe4+ {1} Kf7 {1
} 97. Qe3 {3} Qh1 {3} 98. f5 {5} Qh5 {3} 99. Qe6+ {2} Kf8 {2} 100. Qf6+ {1} Ke8
101. Qg6+ {1} 1-0

[Event "Internationaux de France RAPIDE"]
[Site "Saint-Maur des Fosses, France"]
[Date "2024.06.15"]
[Round "4.8"]
[White "Dourerassou, Jonathan"]
[Black "Pozdnjakov, Viatcheslav"]
[Result "1-0"]
[WhiteElo "2422"]
[BlackElo "2244"]
[PlyCount "123"]
[EventDate "2024.??.??"]

1. d4 {1} Nf6 {2} 2. Bg5 {2} c5 {2} 3. Bxf6 {3} gxf6 {2} 4. d5 {3} Bg7 {12} 5.
c4 {18} f5 {43} 6. Nc3 {12} O-O {21} 7. e3 {8} e5 {12} 8. Nh3 {81} Re8 {116} 9.
Qh5 {27} Qf6 {6} 10. Bd3 {105} d6 {24} 11. O-O {73} a6 {13} 12. Na4 {119} e4 {
20} 13. Be2 {23} Nd7 {29} 14. Nf4 {13} Rb8 {63} 15. Nc3 {12} Ne5 {27} 16. Rac1
{2} Bd7 {18} 17. a4 {4} Ng6 {4} 18. Nh3 {25} Qh4 {54} 19. Qxh4 {85} Nxh4 {1}
20. Nf4 {2} Ng6 {115} 21. Nh5 {3} Bh8 {21} 22. f3 {46} exf3 {106} 23. Rxf3 {2}
f4 {19} 24. Nxf4 {49} Nxf4 {50} 25. Rxf4 {6} Rxe3 {10} 26. Bh5 {6} f5 {13} 27.
Rf3 {52} Rxf3 {56} 28. Bxf3 {1} Bxc3 {16} 29. Rxc3 {1} Bxa4 {1} 30. Kf2 {26}
Re8 {13} 31. Bh5 {2} Re4 {9} 32. Bf3 {5} Re5 {4} 33. Kg3 {2} Kg7 {17} 34. Kf4 {
2} Kf6 {2} 35. Rc1 {2} Bd7 {3} 36. g3 {10} Re8 {5} 37. Rb1 {22} Rc8 {32} 38.
Be2 {3} Re8 {29} 39. Bd3 {1} a5 {6} 40. Ra1 {10} b6 {5} 41. h3 {4} h6 {2} 42.
Rh1 {4} Rb8 {6} 43. Re1 {9} Re8 {5} 44. Rxe8 {9} Bxe8 {1} 45. Bxf5 {1} b5 {7}
46. cxb5 {6} Bxb5 47. g4 {2} Bc4 {9} 48. Be4 {1} Bb3 {3} 49. h4 {1} a4 {3} 50.
g5+ {2} hxg5+ {1} 51. hxg5+ {1} Kg7 52. Kf5 {5} c4 {2} 53. Ke6 {9} c3 {10} 54.
bxc3 {1} a3 {1} 55. Bb1 {1} a2 {3} 56. Bxa2 {1} Bxa2 57. Kxd6 {1} Kg6 {2} 58.
Kc6 {17} Kxg5 {16} 59. d6 {1} Be6 {2} 60. d7 {1} Bxd7+ 61. Kxd7 {1} Kf5 {1} 62.
Kd6 {4} 1-0